000 00343nam a2200133Ia 4500
008 151001s9999||||xx |||||||||||||| ||und||
100 _aमुक्ता केणेकर
245 _aकवीची करामत
250 _a1
260 _bवोरा अड कंपनी
260 _c1971
300 _a103
365 _b18
999 _c957357
_d957354